| 000 | 00786mam a2200265 a 4500 | ||
|---|---|---|---|
| 001 | 1551202 | ||
| 003 | ARRUPE | ||
| 005 | 20160804103340.0 | ||
| 008 | 890210s1986 rh 000 0 eng | ||
| 010 | _a 88148798 | ||
| 020 | _a0582983207 | ||
| 035 | _a(OCoLC)ocm19354347 | ||
| 040 |
_aDLC _cDLC |
||
| 050 | 0 |
_aPE1128.A2 _bH59 1986 |
|
| 082 | 0 |
_a808/.042/071 _219 |
|
| 100 | 1 |
_aHounsell, Olga. _924618 |
|
| 245 | 1 | 0 |
_aFrom drama to writing / _cOlga Hounsell. |
| 260 |
_aHarare : _bLongman Zimbabwe, _c1986. |
||
| 300 |
_a45 p. ; _c22 cm. |
||
| 650 | 0 |
_aEnglish language _xStudy and teaching _xForeign speakers. _924619 |
|
| 650 | 0 |
_aEnglish language _xRhetoric _xStudy and teaching. _924620 |
|
| 650 | 0 |
_aDrama in education. _916351 |
|
| 942 |
_2lcc _cMONOGRAPH |
||
| 999 |
_c124857 _d124857 |
||